000 00745nam a2200241Ia 4500
999 _c3355
_d3355
003 OSt
005 20200330131643.0
008 191128t1985 ve a br 000 1 spa d
020 _a9789588445717
040 _aCO-JMCR
_cCO-JMCR
041 0 _aspa
082 0 4 _aA /
_bSTIs
100 _aStinson, Kathy
_92171
245 1 0 _aSoy grande, soy pequeño /
_cKathy Stinson ; traducción Clarisa de la Rosa
260 _aCaracas :
_bEkaré,
_c©1985
300 _a[22] páginas sin enumerar :
_bilustraciones en color ;
_c20 cm.
490 _aColección para la primera infancia
500 _aIncluye datos biográficos del autor en contraportada
534 _pBig or Little
546 _aspa
650 1 4 _aLibro álbum
_9495
942 _2ddc
_cBK